1125 1383 1221 1458 1111 1374 1666 1098 1119 1996 1699 1600 1311 1236 1057 1046 1456 1048 1360 1498 1358 1582 1405 1796 1223 1022 1132 1804 1793 1693 1179 1032 1168 1312 1588 1000 1682 1970 1262 1612 1557 1408 1257 1133 1250 1902 1565 1065 1015 1260 1187 1549 1843 1956 1284 1591 1201 1531 1210 1510 1491 1890 1345 1788 1332 1964 1309 1387 1029 1257 1910 1155 1847 1571 1351 1517 1492 1898 1362 1198 1734 1213 1673 1195 1944 1016 1300 1966 1860 1204 1617 1052 1127 1948 1635 1184 1306 1411 1999 BCNSPRNW ULIB Ver.6.0+V

เปลี่ยนเป็นภาษาไทย

Change to English
 แสดงรายละเอียดบรรณานุกรม
  กลับหน้าหลัก

Brief Record : Get Marc (ISO 2709) : E-mail record : QR code < ปิดหน้าต่าง
LEADER : 00000nam 2200000uu 4500
001    13399113423
003     ULIB
008    110627s2550||||th 000 0 tha d
020    9789748102405
090    นว.^bต344อ 2550
100 0  ตารกา
245 00 อธิฐานรักไพ่ร้อยมนตร์/^cตารกา
250    พิมพ์ครั้งที่ 2
260    กรุงเทพฯ :^bแจ่มใส,^c2550
300    219 หน้า
710 1  แจ่มใส
945    ^p149^l0^i022024
995    ทศพร
999 ^a ใช้งานได้ทุกระบบ
รายการนี้ยังไม่มีแท็ก
คุณยังไม่ได้ล็อกอิน คุณสามารถมีกิจกรรมร่วมกับเว็บไซต์ได้ แต่ต้องล็อกอินก่อน ::
  ล็อกอิน

รายการสื่อสารสนเทศ

ลำดับที่ ประเภท เลขเรียก/บาร์โค้ด สถานที่ สถานะ
1. นวนิยาย
นวนิยาย
นว. ต344อ 2550 ฉ.1 
  Barcode: 022024
ห้องสมุดวิทยาเขตสวรรค์ประชารักษ์
►นวนิยาย
บนชั้น
  ขอยืม

BibComment


ยังไม่เคยถูกคอมเมนท์

คอมเมนท์ทรัพยากรรายการนี้
  คอมเมนท์: อธิฐานรักไพ่ร้อยม..


 Copyright 2026. Bcnsprnw @Library